Normal view
MARC view
- MAXWELL, ROBERT IAN,
Entry Nombre Personal
001 - NUMERO DE CONTROL
- campo de control: 9055
003 - IDENTIFICADOR DE NUMERO DE CONTROL
- campo de control: UPN
005 - FECHA Y HORA DE LA ÜLTIMA TRANSACCIÓN
- campo de control: 20210219193732.0
008 - DATOS DE LONGITUD FIJA
- campo de control de longitud fija: nabaccnnaabn|||||||||| b |nc|||||d
035 ## - NUMERO DE CONTROL
- Número de control: UPN10000009061
040 ## - FUENTE DE CATALOGACIÓN
- Lenguaje de catalogación: SPA
- Agencia de transcripción: UPN
100 1# - ENCABEZAMIENTO - NOMBRE PERSONAL
- Nombre personal: MAXWELL, ROBERT IAN,
- Fechas asociadas con el nombre: 1923-1991
670 ## - FUENTE EN LA QUE SE LOCALIZARON DATOS
- Cita de la fuente: T
- Uniform Resource Identifier: http://www.biografiasyvidas.com/biografia/m/maxwell_robert.htm
902 ## - CATALOGADOR
- Catalogador: BDV/290208
